000 00672cab a2200217 4500
001 WB2626-41
008 090401t1990 xxu||||| |||| 00| 0 eng d
035 _a(Sirsi) u3354
041 _aeng
245 _aMoscow ready to privatise property
260 _c1990
350 _a0
490 _aTimes
_v2/7/90 p9
520 _aMoscow `s city council is to allow private ownership of land and non-residential property . This is expected to spread to residential property. Leningrad and Sverdlosk are expected to follow suit.
650 _aEASTERN EUROPE
650 _aSOVIET UNION
650 _aUSSR
690 _aOVERSEAS-EUROPE
942 _n0
948 _c04/03/1997
999 _c2057
_d2057